| 000 | 01034nam a22003137a 4500 | ||
|---|---|---|---|
| 001 | 0031321 | ||
| 003 | KOHA_MİRAKIL | ||
| 005 | 20260207002757.0 | ||
| 007 | ta | ||
| 008 | 110816b2002 us |||gr||||#||||0|eng | | ||
| 020 |
_a0335207669 _c10 |
||
| 040 |
_aTR-BiSEU _btur _cTR-BiSEU _erda |
||
| 041 | 0 | _aeng | |
| 044 | _cus | ||
| 050 |
_aLB2341 _b.D85 2002 |
||
| 100 | 1 | _aDuke, Chris. | |
| 245 | 1 |
_aManaging the learning university/ _cChris Duke ; Chris Duke. |
|
| 264 | 1 |
_aBuckingham [England] : _bSociety for Research into Higher Education & Open University Press _c2002 |
|
| 300 | _a VI, 168 s. | ||
| 336 |
_ametin _btxt _2rdacontent |
||
| 337 |
_aaracısız _bn _2rdamedia |
||
| 338 |
_acilt _bnc _2rdacarrier |
||
| 490 | 0 | _aSRHE and Open University Press imprint | |
| 500 | _aIncludes bibliographical references and index. | ||
| 650 | 0 |
_aUniversities and colleges--Administration. _961746 |
|
| 650 | 0 |
_aOrganizational learning. _95209 |
|
| 830 | 0 |
_aSRHE and Open University Press imprint _961747 |
|
| 942 |
_2lcc _cBK |
||
| 999 |
_c31233 _d31233 |
||